000 00282nam a2200097Ia 4500
008 210107s9999 xx 000 0 und d
100 _aDepartment of Trade
245 0 _aMarine automatic radar plotting aid (ARPA) performance specification 1981
260 _aLondon
_bHMSO
942 _cBK
999 _c10642
_d10642